|
|
|
|
| LEADER |
01377nam a2200385Ia 4500 |
| 001 |
EBC3572067 |
| 003 |
MiAaPQ |
| 005 |
20200520144314.0 |
| 006 |
m o d | |
| 007 |
cr cn||||||||| |
| 008 |
080209s2008 ne a sb 001 0 eng d |
| 020 |
|
|
|z 9086860613
|
| 020 |
|
|
|z 9789086860616
|
| 020 |
|
|
|z 9789086866380
|
| 035 |
|
|
|a (MiAaPQ)EBC3572067
|
| 035 |
|
|
|a (Au-PeEL)EBL3572067
|
| 035 |
|
|
|a (CaPaEBR)ebr10686815
|
| 035 |
|
|
|a (OCoLC)767580234
|
| 040 |
|
|
|a MiAaPQ
|c MiAaPQ
|d MiAaPQ
|
| 050 |
|
4 |
|a SF98.T7
|b T537 2008
|
| 082 |
0 |
4 |
|a 636.08527
|2 23
|
| 245 |
0 |
0 |
|a Trace elements in animal production systems
|h [electronic resource] /
|c edited by P. Schlegel, S. Durosoy, A.W. Jongbloed.
|
| 260 |
|
|
|a Wageningen :
|b Wageningen Academic,
|c 2008.
|
| 300 |
|
|
|a 347 p. :
|b ill.
|
| 504 |
|
|
|a Includes bibliographical references and index.
|
| 533 |
|
|
|a Electronic reproduction. Ann Arbor, MI : ProQuest, 2016. Available via World Wide Web. Access may be limited to ProQuest affiliated libraries.
|
| 650 |
|
0 |
|a Trace elements in animal nutrition.
|
| 650 |
|
0 |
|a Animal nutrition.
|
| 650 |
|
0 |
|a Agricultural pollution.
|
| 655 |
|
4 |
|a Electronic books.
|
| 700 |
1 |
|
|a Schlegel, P.
|
| 700 |
1 |
|
|a Durosoy, S.
|
| 700 |
1 |
|
|a Jongbloed, A. W.
|
| 710 |
2 |
|
|a ProQuest (Firm)
|
| 856 |
4 |
0 |
|u https://ebookcentral.proquest.com/lib/matrademy/detail.action?docID=3572067
|z Click to View
|